00945nam a2200265 4500003001100000005001700011008004100028020001500069040003900084082001600123100002200139242003300161245005900194260002500253300001800278650005900296650004100355650002500396700002500421700003100446942000700477952009000484952009000574999001500664LK-CoMWRAF20231109091957.0230823b1988 |||||||| |||| 00| 0 eng d a0863560822 aLK-CoMWRAFdLK-CoMWRAFeLK-CoMWRAF a892.78bTAR aTarabishi, George aUnthá ḍidda al-unūthah aWoman against her sex:ba critique of Nawal el-Saadawi aLondon:bSaqi,c1988 a232p. ; 22cm. a Saʿdāwī, Nawāl -- Criticism and interpretation aArabic literature- Egyptian writers  aSexism in Literature aBasil Hatim etrans. a Elisabeth Orsini.etrans. cBK 00104070aMAINbMAINd2023-08-23l0o892.78 TARpRAF159r2023-08-23w2023-08-23yBK 00104070aMAINbMAINd2023-11-09l0o892.78 TARpRAF921r2023-11-09w2023-11-09yBK c3252d3252